00455 2200169 4500001002100000005001500021008004100036035001900077041000700096082001000103090001600113100001600129245004000145260004100185300001800226650004100244INLIS00000000001737520241224115311241224||||||||| | ||| |||| || |  0010-1224017375 aid0 a638.1 a638.1 RIS b0 aRismunandar00aBERWIRASWASTA DENGAN BETERNAK LEBAH aBandungbSinar Baru Algensindoc1996 a85hlm;14x20cm 0aPertanian & Teknologi Yang Berkaitan